000 00529nam a2200169 i 4500
001 100367
003 ES-MaACL
005 20230906182648.0
007 t|
008 050926s1949 sp ||||1| val d
100 1 _aMascarell i Gosp, Josep.
_978677
245 1 0 _aVerd i blau
_b: poemes /
_cJosé Mascarell y Gosp; próleg de Carles Salvador.
260 _aValencia :
_b[s.n.],
_c1949 (
_fImp. V. Cortell)
300 _a60 p. :
_bil. ;
_c21 cm.
700 1 _aSalvador, Carles.
_9102067
852 _aES-MaACL
_j1758-F-9
_bR.22426
999 _c100367
_d100367